El héroe en la historia : (Record no. 4781)

000 -CABECERA
fixed length control field 00947nam a22002537a 4500
003 - IDENTIFICADOR DEL NÚMERO DE CONTROL
control field AR-CdUCM
008 - DATOS DE LONGITUD FIJA--INFORMACIÓN GENERAL
fixed length control field 190311b ||||| |||| 00| 0 spa d
040 ## - FUENTE DE LA CATALOGACIÓN
Agencia/entidad que catalogó originalmente la obra MUNICIPALIDAD PROVINCIAL DEL CUSCO
Entidad que transcribió la catalogación BIBLIOTECA MUNICIPAL DEL CUSCO
082 ## - NÚMERO DE LA CLASIFICACIÓN DECIMAL DEWEY
No. de Clasificación 901 /
Notacion interna H74
100 ## - ENTRADA PRINCIPAL--NOMBRE DE PERSONA
Nombre Personal Hook, Sidney
245 ## - MENCIÓN DE TÍTULO
Título El héroe en la historia :
Resto del título un estudio sobre la limitación y la posibilidad /
260 ## - PUBLICACIÓN, DISTRIBUCIÓN, ETC.
Lugar de publicación, distribución, etc. Buenos Aires :
Nombre de la editorial, distribuidor, etc. Galatea-nueva visión,
Fecha de publicación, distribución, etc. 1958.
300 ## - DESCRIPCIÓN FÍSICA
Nº de Páginas Extensión 189 paginas.
Dimensiones 19.5 cm.
440 ## - MENCIÓN DE SERIE/PUNTO DE ACCESO ADICIONAL--TÍTULO
Título El hombre, la sociedad y la historia
Número de la parte/sección de una obra 3
9 (RLIN) 14775
505 ## - NOTA DE CONTENIDO CON FORMATO
Nota de contenido formateada El héroe como suceso y problema -- Los héroes del pensamiento -- La influencia de los monarcas -- Determinismo social: Hegel y Spencer ...
650 ## - PUNTO DE ACCESO ADICIONAL DE MATERIA--TÉRMINO DE MATERIA
Descriptor Determinismo social
9 (RLIN) 14776
650 ## - PUNTO DE ACCESO ADICIONAL DE MATERIA--TÉRMINO DE MATERIA
Descriptor Democracia
9 (RLIN) 2598
650 ## - PUNTO DE ACCESO ADICIONAL DE MATERIA--TÉRMINO DE MATERIA
Descriptor Libertad
9 (RLIN) 2892
650 ## - PUNTO DE ACCESO ADICIONAL DE MATERIA--TÉRMINO DE MATERIA
Descriptor Historia
9 (RLIN) 136
700 ## - PUNTO DE ACCESO ADICIONAL--NOMBRE DE PERSONA
Nombre Personal Baglietto, Maria (traductora)
9 (RLIN) 14777
942 ## - ELEMENTOS DE PUNTO DE ACCESO ADICIONAL (KOHA)
Fuente de clasificación
Tipo de item Libros-BMC
945 ## - PROCESAMIENTO DE INFORMACIÓN LOCAL (OCLC)
Catalogador acv
Holdings
Estado de retiro (separado) Fuente de clasificación o esquema de estanterías Estado dañado Ubicación Sala donde se ubica Nombre de la colección Fecha de adquisición o compra Costo, precio normal en soles Signatura topográfica Código de Barras Última vez visto (Koha) Tipo de ítem (Koha)
No     Sala Humanidades Sala de Infantes Book Cart 2019-03-11 15.00 901 / H74 SH0000005174 2019-03-11 Libros-BMC

Powered by Koha